<?xml version="1.0" encoding="UTF-8"?>
<record
    xmlns:xsi="http://www.w3.org/2001/XMLSchema-instance"
    xsi:schemaLocation="http://www.loc.gov/MARC21/slim http://www.loc.gov/standards/marcxml/schema/MARC21slim.xsd"
    xmlns="http://www.loc.gov/MARC21/slim">

  <leader>01767cam a2200349 a 4500</leader>
  <controlfield tag="003">EG-GiCUC</controlfield>
  <controlfield tag="005">20250223030513.0</controlfield>
  <controlfield tag="008">111030s2011    ua d   f m    000 0 eng d</controlfield>
  <datafield tag="040" ind1=" " ind2=" ">
    <subfield code="a">EG-GiCUC</subfield>
    <subfield code="b">eng</subfield>
    <subfield code="c">EG-GiCUC</subfield>
  </datafield>
  <datafield tag="041" ind1="0" ind2=" ">
    <subfield code="a">eng</subfield>
  </datafield>
  <datafield tag="049" ind1=" " ind2=" ">
    <subfield code="a">Deposite</subfield>
  </datafield>
  <datafield tag="097" ind1=" " ind2=" ">
    <subfield code="a">Ph.D</subfield>
  </datafield>
  <datafield tag="099" ind1=" " ind2=" ">
    <subfield code="a">Cai01.07.06.Ph.D.2011.De.U</subfield>
  </datafield>
  <datafield tag="100" ind1="0" ind2=" ">
    <subfield code="a">Deiaa Eldin Abdelmonem Gadelrab Hassanein</subfield>
  </datafield>
  <datafield tag="245" ind1="1" ind2="0">
    <subfield code="a">Using novel starters for improving functional properties of fermented dairy products / </subfield>
    <subfield code="c">Deiaa Eldin Abdelmonem Gadelrab Hassanein ; Supervised Olfat Sayed Mahmoud Barakat , Moawad Kamel Zahra , Gamal Ahmed Ibrahim</subfield>
  </datafield>
  <datafield tag="246" ind1="1" ind2="5">
    <subfield code="a">&#x627;&#x633;&#x62A;&#x62E;&#x62F;&#x627;&#x645; &#x628;&#x627;&#x62F;&#x626;&#x627;&#x62A; &#x62D;&#x62F;&#x64A;&#x62B;&#x629; &#x644;&#x62A;&#x62D;&#x633;&#x64A;&#x646; &#x627;&#x644;&#x62E;&#x648;&#x627;&#x635; &#x627;&#x644;&#x648;&#x638;&#x64A;&#x641;&#x64A;&#x629; &#x644;&#x644;&#x645;&#x646;&#x62A;&#x62C;&#x627;&#x62A; &#x627;&#x644;&#x644;&#x628;&#x646;&#x64A;&#x629; &#x627;&#x644;&#x645;&#x62A;&#x62E;&#x645;&#x631;&#x629;</subfield>
  </datafield>
  <datafield tag="260" ind1=" " ind2=" ">
    <subfield code="a">Cairo : </subfield>
    <subfield code="b">Deiaa Eldin Abdelmonem Gadelrab Hassanein , </subfield>
    <subfield code="c">2011</subfield>
  </datafield>
  <datafield tag="300" ind1=" " ind2=" ">
    <subfield code="a">144 P. : </subfield>
    <subfield code="b">charts ; </subfield>
    <subfield code="c">25cm</subfield>
  </datafield>
  <datafield tag="502" ind1=" " ind2=" ">
    <subfield code="a">Thesis (Ph.D.) - Cairo University - Faculty of Agriculture - Department of Microbiology</subfield>
  </datafield>
  <datafield tag="520" ind1=" " ind2=" ">
    <subfield code="a">Starters play an important role in the manufacture of dairy products in terms of impact factor on the organoleptic and technological characteristics of the final product . Lactic acid bacteria ( LAB ) were isolated and characterized by using phenotypic ( cell morphology , Gram staining , physiological and biochemical tests ) and genotypic methods ( PCR ) </subfield>
  </datafield>
  <datafield tag="530" ind1=" " ind2=" ">
    <subfield code="a">Issued also as CD</subfield>
  </datafield>
  <datafield tag="653" ind1=" " ind2="4">
    <subfield code="a">Biofilm </subfield>
  </datafield>
  <datafield tag="653" ind1=" " ind2="4">
    <subfield code="a">Domiati cheese </subfield>
  </datafield>
  <datafield tag="653" ind1=" " ind2="4">
    <subfield code="a">Starter cultures </subfield>
  </datafield>
  <datafield tag="700" ind1="0" ind2=" ">
    <subfield code="a">Gamal Ahmed Mohamed Ibrahim , </subfield>
    <subfield code="e">Supervisor</subfield>
  </datafield>
  <datafield tag="700" ind1="0" ind2=" ">
    <subfield code="a">Moawad Kamel Zahra , </subfield>
    <subfield code="e">Supervisor</subfield>
  </datafield>
  <datafield tag="700" ind1="0" ind2=" ">
    <subfield code="a">Olfat Sayed Mahmoud Barakat , </subfield>
    <subfield code="e">Supervisor</subfield>
  </datafield>
  <datafield tag="856" ind1=" " ind2=" ">
    <subfield code="u">http://172.23.153.220/th.pdf</subfield>
  </datafield>
  <datafield tag="905" ind1=" " ind2=" ">
    <subfield code="a">Fatma</subfield>
    <subfield code="e">Cataloger</subfield>
  </datafield>
  <datafield tag="905" ind1=" " ind2=" ">
    <subfield code="a">Nazla</subfield>
    <subfield code="e">Revisor</subfield>
  </datafield>
  <datafield tag="942" ind1=" " ind2=" ">
    <subfield code="2">ddc</subfield>
    <subfield code="c">TH</subfield>
  </datafield>
  <datafield tag="999" ind1=" " ind2=" ">
    <subfield code="c">36069</subfield>
    <subfield code="d">36069</subfield>
  </datafield>
  <datafield tag="952" ind1=" " ind2=" ">
    <subfield code="2">ddc</subfield>
    <subfield code="7">0</subfield>
    <subfield code="a">CUCL</subfield>
    <subfield code="b">cl210</subfield>
    <subfield code="d">2024-02-11</subfield>
    <subfield code="o">Cai01.07.06.Ph.D.2011.De.U</subfield>
    <subfield code="p">01010110056228000</subfield>
    <subfield code="r">2023-09-22 00:00:00</subfield>
    <subfield code="y">TH</subfield>
  </datafield>
  <datafield tag="952" ind1=" " ind2=" ">
    <subfield code="2">ddc</subfield>
    <subfield code="7">0</subfield>
    <subfield code="a">CUCL</subfield>
    <subfield code="b">cl2u8</subfield>
    <subfield code="d">2024-02-11</subfield>
    <subfield code="o">Cai01.07.06.Ph.D.2011.De.U</subfield>
    <subfield code="p">01020110056228000</subfield>
    <subfield code="r">2023-09-22 00:00:00</subfield>
    <subfield code="t">56228.CD     </subfield>
    <subfield code="y">CD</subfield>
  </datafield>
</record>
